| 000 | 00747cam a2200253 a 4500 | ||
|---|---|---|---|
| 001 | 12228 | ||
| 003 | BD-RjUL | ||
| 005 | 20211208235246.0 | ||
| 008 | 140128s1966 xraa 001 0 eng d | ||
| 035 | _a(BD-RjUL)12277 | ||
| 035 | _a380278 | ||
| 040 |
_aANL _beng _cANL _dABN-SNR _dAMOA |
||
| 041 | _aeng | ||
| 082 | 0 | 4 |
_a591.994 _216 _bBEF 1966 |
| 100 | 1 |
_aBennett, Isobel _937945 |
|
| 245 | 1 | 4 |
_aThe fringe of the sea / _cby Isobel Bennett ; photography by F. G. Myers, Keith Gillett. |
| 260 |
_aAdelaide : _bRigby , _c1966. |
||
| 300 |
_a261 p. : _billus. ; _c24cm. |
||
| 500 | _aIncludes index. | ||
| 650 | 0 |
_aMarine animals _zAustralia. _937946 |
|
| 700 | 1 |
_aMyers, F. G. _937947 |
|
| 700 | 1 |
_aGillett, Keith, _933541 |
|
| 942 |
_2ddc _cBK |
||
| 999 |
_c12228 _d12228 |
||